000 00688nam a2200253 a 4500
999 _c5771
_d5771
001 5771
003 BD-JhCC
005 20210329134019.0
008 171221s2002 e a|||| || | 001 0 eng d
020 _a0521530121
035 _a(BD-JhCC)5771
040 _aBD-JhCC
_dBD-JhCC
041 _aeng
082 _a510
_bNEI 2002
100 _aNeil, Hugh
245 _aPure Mathematics 2 & 3 :
_bAdvanced Level Mathematics /
_cHugh Neil and Douglas Quadling
260 _aEngland :
_bCambridge University Press,
_c2002.
300 _a331 p. :
_bill. ;
_c23 cm.
504 _aIncludes Index
650 _aMathematics
700 _aQuadling, Douglas
942 _2ddc
_cBK
_02